Top 10 Countries with the most Farmland - Statistics

General Stats
  • This quiz has been taken 176 times
  • The average score is 8 of 10
Answer Stats
Square km Answer % Correct
1,174,284 Russia
97%
1,650,062 United States
97%
1,385,905 China
96%
1,451,810 India
94%
586,036 Brazil
93%
415,573 Canada
89%
468,503 Australia
85%
274,490 Argentina
81%
324,791 Ukraine
72%
300,736 Nigeria
31%
No matching quizzes found
Score Distribution
Percent of People with Each Score
Percentile by Number Answered
Your Score History
You have not taken this quiz